History-II : (Record no. 88708)

MARC details
000 -LEADER
fixed length control field 00555nam a22001817a 4500
005 - DATE AND TIME OF LATEST TRANSACTION
control field 20140917112327.0
010 ## - LCCN (DPL NO)
LC control number ENG-110876
020 ## - INTERNATIONAL STANDARD BOOK NUMBER
International Standard Book Number 9789351431534
Terms of availability 160.00
035 ## - SYSTEM CONTROL NUMBER
System control number EN-94408
037 ## - SOURCE OF ACQUISITION
Source of stock number/acquisition DBAD/PUB
082 ## - DEWEY DECIMAL CLASSIFICATION NUMBER
Classification number 954.084
245 ## - TITLE STATEMENT
Title History-II :
Remainder of title for 5 years law course
260 ## - PUBLICATION, DISTRIBUTION, ETC. (IMPRINT)
Place of publication, distribution, etc Gurgaon
Name of publisher, distributor, etc Lexis Nexis
Date of publication, distribution, etc 2014
270 ## - ADDRESS
Address 14th Floor, Building No.10, Tower-B, DLF Cyber City, Phase-II
City Gurgaon
Postal code 122002
300 ## - PHYSICAL DESCRIPTION
Extent x,100p.
Dimensions 22cm(pbk)
490 ## - SERIES STATEMENT
Series statement Quick references guide series
942 ## - ADDED ENTRY ELEMENTS (KOHA)
Source of classification or shelving scheme Dewey Decimal Classification
Item type English Books
Call number suffix HIS
Classification part 954.084
Holdings
Withdrawn status Lost status Not for loan Collection code Home library Current library Date acquired Source of acquisition Cost, normal purchase price Full call number Barcode Copy number Cost, replacement price Koha item type
    Not For Loan Non-fiction D.B.Act.Division D.B.Act.Division 16/09/2014 DBAD/PUB 160.00 954.084 HIS EN-94408 1 160.00 English Books

© Delhi Public Library
Hit Counter
free hit counter